|
|
|
|
| LEADER |
00000nam a2200000 a 4500 |
| 001 |
vtls010657998 |
| 003 |
SK-MaSNL |
| 005 |
20260425230221.0 |
| 008 |
240315s1963 xo f 2 000 0 slo |
| 020 |
|
|
|q (brož.)
|
| 040 |
|
|
|a SNK
|b slo
|c SNK
|e AACR2
|
| 041 |
0 |
|
|a slo
|
| 044 |
|
|
|a xo
|c SK
|
| 072 |
|
7 |
|a 81
|x Lingvistika. Jazyky
|2 konspekt
|
| 080 |
|
|
|a 81'282
|2 2001
|
| 080 |
|
|
|a 81'342.42
|2 2001
|
| 080 |
|
|
|a (437.67)
|2 2011
|
| 080 |
|
|
|a (04)
|2 2001
|
| 100 |
1 |
|
|a Lipták, Štefan,
|d 1937-
|4 aut
|9 110296
|
| 245 |
1 |
0 |
|a Geografické rozšírenie zmeny ch>h vo východoslovenských nárečiach
|b [separátny výtlačok]
|c Štefan Lipták
|
| 260 |
|
|
|a Bratislava
|b Slovenská akadémia vied
|c 1963
|
| 300 |
|
|
|a S. 162-165
|c 24 cm
|
| 500 |
|
|
|a S podpisom autora
|
| 500 |
|
|
|a Separát z: Jazykovedný časopis, roč. XIII, č. 2, 1963
|
| 650 |
0 |
7 |
|a dialekty
|2 SNKPH
|9 19030
|
| 650 |
0 |
7 |
|a spoluhlásky
|2 SNKPH
|9 20570
|
| 651 |
|
7 |
|a Slovensko východné
|2 SNKPH
|9 161134
|
| 655 |
|
7 |
|a separáty
|2 SNKPH
|9 70334
|
| 958 |
|
|
|a OND
|
| 999 |
|
|
|c 669656
|d 671586
|
| 952 |
|
|
|a SNK
|b SNK
|y PREZ
|7 0
|p 17A1122427
|o snkSC 163450
|i snk2015/7276
|8 1
|z s podpisom autora na obale
|0 0
|1 0
|4 0
|d 2015-03-02
|l 0
|r 2025-08-27 00:00:00
|w 2026-02-23
|